| 000 | 00365nam a22001697a 4500 | ||
|---|---|---|---|
| 003 | UA-OsUOA | ||
| 001 | 1347 | ||
| 007 | ta | ||
| 008 | 20050721b un ||||| |||| 00| 0 ukr d | ||
| 100 | _aBurkot | ||
| 700 | _aS. | ||
| 942 | _cBK | ||
| 040 |
_aUA-OsUOA _cUA-OsUOA _dUA-OsUOA |
||
| 245 |
_aLiteratura Polska w Latach 1939-1989 _bPolish |
||
| 955 | _a2 | ||
| 650 | 7 | _2UDC | |
| 999 |
_c287509 _d287509 |
||